| 000 | 01230pam a2200349 i 4500 | ||
|---|---|---|---|
| 001 | 020145954 | ||
| 003 | EG-ScBUE | ||
| 005 | 20221107073608.0 | ||
| 008 | 210325t2022 nyua f b 001 0 eng d | ||
| 020 | _a9781260597608 | ||
| 040 |
_aStDuBDS _beng _erda _cStDuBDS _dUk _dEG-ScBUE |
||
| 082 | 0 | 4 |
_a658.311 _bJUD _222 |
| 100 | 1 |
_aJudge, Tim, _eauthor. |
|
| 245 | 1 | 0 |
_aStaffing organizations / _cTimothy A. Judge, The Ohio State University, John D. Kammeyer-Mueller, University of Minnesota. |
| 250 | _aTenth edition. | ||
| 250 | _aInternational student edition. | ||
| 264 | 1 |
_aNew York : _bMcGraw-Hill, _c[2022] |
|
| 264 | 4 | _cc2022 | |
| 300 |
_axix, 778 pages : _billustrations (black and white) ; _c23 cm |
||
| 336 |
_atext _2rdacontent _btxt |
||
| 336 |
_astill image _2rdacontent _btxt |
||
| 337 |
_aunmediated _2rdamedia _bn |
||
| 338 |
_avolume _2rdacarrier _bnc |
||
| 504 | _aIncludes bibliographical references and index. | ||
| 650 | 7 |
_aEmployees _xRecruiting. _2BUEsh _938983 |
|
| 650 | 7 |
_aEmployee selection. _2BUEsh _938981 |
|
| 653 |
_bBUSADM _cNovember2022 |
||
| 655 |
_vReading book _934232 |
||
| 700 | 1 |
_aKammeyer-Mueller, John, _eauthor. |
|
| 942 |
_2ddc _cBB |
||
| 999 |
_c29945 _d29916 |
||